00470nam a2200157Ia 4500008004100000040001900041041001200060082003500072100001900107245004300126250001100169260005600180300001600236504005000252650001000302131103s9999 xx 000 0 und d aLoreto College aEnglish a160/BRAbLCLIB/1copy(per vol.) aBradley, F. H. 4aThe Principles of logiccF. H. Bradley a2nd ed aLondonbOxford University Pressc1922(1950printing) a2v. c 22cm aIncludes bibliographical references and index aLogic